| 000 | 00972 a2200277 4500 | ||
|---|---|---|---|
| 003 | OSt | ||
| 005 | 20180116192325.0 | ||
| 008 | 120215t xxu||||| |||| 00| 0 eng d | ||
| 010 | _a 2007032649 | ||
| 020 | _a9781568987408 (pbk. : alk. paper) | ||
| 020 | _a1568987404 (pbk. : alk. paper) | ||
| 035 | _a(OCoLC)163707686 | ||
| 035 | _a(OCoLC)ocn163707686 | ||
| 040 | _c0 | ||
| 082 | 0 | 0 | _a720.284 |
| 100 | 1 | _aGussow, Sue Ferguson. | |
| 245 | 1 | 0 |
_aArchitects draw / _cSue Ferguson Gussow ; introduction by Dore Ashton. |
| 260 |
_aNew York : _bPrinceton Architectural Press, _cc2008. |
||
| 300 |
_a176 p. : _bill. (some col.) ; _c22 cm. |
||
| 440 | 0 | _aArchitecture briefs | |
| 650 | 0 |
_aArchitectural drawing _xTechnique. |
|
| 650 | 0 |
_aDrawing _xTechnique. |
|
| 856 | 4 | 1 |
_3Table of contents only _uhttp://www.loc.gov/catdir/toc/ecip0724/2007032649.html |
| 942 |
_aSADA _cBK _k720.284 GUS 2008 _2ddc |
||
| 999 |
_c352165 _d352165 |
||